[Event "Rome Lazio op 2nd"]
[Site "Rome"]
[Date "2014.01.03"]
[Round "2"]
[White "Golino, Giovanni"]
[Black "Sabetta, Alessandro"]
[Result "1/2-1/2"]
[WhiteElo "1874"]
[BlackElo "1962"]
[PlyCount "56"]
[EventDate "2014.01.02"]
[EventType "swiss"]
[EventRounds "7"]
[EventCountry "ITA"]
[SourceTitle "EXT 2015"]
[Source "ChessBase"]
[SourceDate "2014.11.20"]
[SourceVersion "1"]
[SourceVersionDate "2014.11.20"]
[SourceQuality "1"]

1. e4 d5 2. exd5 Nf6 3. Nc3 Nxd5 4. Nxd5 Qxd5 5. d4 Nc6 6. Be3 e5 7. dxe5 Qxd1+ 8. Rxd1 Nxe5 9. Be2 Be6 10. Nf3 Bd6 11. 0-0 0-0 12. Rfe1 Nc6 13. Nd4 Nxd4 14. Bxd4 b6 15. Bf3 Rad8 16. b3 c5 17. Bb2 Bf4 18. g3 Bc7 19. c4 Rxd1 20. Rxd1 Rd8 21. Kg2 f6 22. Bc3 Kf7 23. Rd2 Rxd2 24. Bxd2 Bf5 25. Bd5+ Ke7 26. f4 a5 27. Kf3 Bd6 28. Be4 Ke6 1/2-1/2

[Event "Alvise Zichichi mem 7th"]
[Site "Ladispoli"]
[Date "2009.09.26"]
[Round "5"]
[White "Golino, Giovanni"]
[Black "Bruno, Antonino"]
[Result "1/2-1/2"]
[WhiteElo "1898"]
[BlackElo "1509"]
[PlyCount "61"]
[EventDate "2009.09.19"]
[EventType "swiss"]
[EventRounds "8"]
[EventCountry "ITA"]
[SourceTitle "EXT 2012"]
[Source "ChessBase"]
[SourceDate "2011.11.24"]
[SourceVersion "1"]
[SourceVersionDate "2011.11.24"]
[SourceQuality "1"]

1. e4 e6 2. d4 d5 3. Nc3 c5 4. dxc5 Bxc5 5. exd5 exd5 6. Qxd5 Qe7+ 7. Qe4 Be6 8. Bb5+ Nd7 9. Nf3 Ngf6 10. Bxd7+ Qxd7 11. Qa4 0-0 12. 0-0 Qc7 13. Be3 Bxe3 14. fxe3 Ng4 15. Qf4 Qb6 16. Na4 Qxe3+ 17. Qxe3 Nxe3 18. Rf2 Rac8 19. Nc3 Rfd8 20. Re1 Ng4 21. Rfe2 Nf6 22. Ng5 Bc4 23. Re7 h6 24. Nf3 Nd7 25. Ne5 Be6 26. Nxd7 Bxd7 27. Rd1 Bc6 28. Rf1 f6 29. Rf2 Kf8 30. Re1 a5 31. h3 1/2-1/2